Movies Quiz

Random Movies or Actor Quiz
Score 0/19 Timer 04:00
0 Plays Today
Year Movie % Correct
1990Edward Scissorhands
84.5%
1994Ed Wood
45.1%
1999Sleepy Hollow
39%
2004Secret Window
35%
2010The Tourist
34.5%
2005Corpse Bride
33.8%
2015Black Mass
30.9%
1990Cry-Baby
30.7%
2004Finding Neverland
30.4%
2012Dark Shadows
28.5%
Year Movie % Correct
2009Public Enemies
26%
1997Donnie Brasco
24.8%
2001From Hell
20.6%
1995Dead Man
15%
2004The Libertine
11.9%
1985Private Resort
9.1%
1997The Brave
8.5%
1993Arizona Dream
8.5%
2013Lucky Them
8.3%
Remove Ads.
Support Sporcle.
Get the best of Sporcle when you Go Orange. This ad-free experience offers more features, more stats, and more fun while also helping to support Sporcle. Thank you for becoming a member.

You're not logged in!

Compare scores with friends on all Sporcle quizzes.
OR
Log In

Sporcle TV

Today on Sporcle TV


Watch our educational content, quiz creation guides, and fun videos on Sporcle TV.

Show Comments

Extras

Top Quizzes Today


Score Distribution

Paid Content

Your Account Isn't Verified!

In order to create a playlist on Sporcle, you need to verify the email address you used during registration. Go to your Sporcle Settings to finish the process.

Report this User

Report this user for behavior that violates our Community Guidelines.

Details: